Planning for the future (Record no. 74988)
[ view plain ]
| 000 -LEADER | |
|---|---|
| fixed length control field | 01475cab a2200253 4500 |
| 001 - CONTROL NUMBER | |
| control field | ABS68855 |
| 008 - FIXED-LENGTH DATA ELEMENTS--GENERAL INFORMATION | |
| fixed length control field | 050329n2005 000 0 eng u |
| 035 ## - SYSTEM CONTROL NUMBER | |
| System control number | (Sirsi) u129190 |
| 100 ## - MAIN ENTRY--PERSONAL NAME | |
| Personal name | Hogarth, A. |
| 245 ## - TITLE STATEMENT | |
| Title | Planning for the future |
| 260 ## - PUBLICATION, DISTRIBUTION, ETC. | |
| Date of publication, distribution, etc. | 2005 |
| 490 ## - SERIES STATEMENT | |
| Series statement | Estates Gazette |
| Volume/sequential designation | (0509) 5 March 2005, 182-85(3) |
| 520 ## - SUMMARY, ETC. | |
| Summary, etc. | Looks at the primacy of the development plan in the process of development of land. The plan's status is set out in the Town and Country Planning Act 1990 s54 (A), now updated by s38 (6) of the Planning and Compulsory Act 2004. Planning decisions must accord with plans unless material considerations militate against it and planning decisions may be invalid if based on irrelevant considerations. Considers what constitutes material considerations, examines "PPG 3: Housing" and its sequential test to ensure that the location of new residential development meets housing requirements in the most sustainable way, "RPG 9: Regional housing policy" and some of the Barker review's development recommendations and insights including the need to set a new market affordability target. |
| 590 ## - LOCAL NOTE (RLIN) | |
| Local note | ABS |
| 650 ## - SUBJECT ADDED ENTRY--TOPICAL TERM | |
| Topical term or geographic name entry element | TOWN AND COUNTRY PLANNING ACT 1990 S54(A) |
| 650 ## - SUBJECT ADDED ENTRY--TOPICAL TERM | |
| Topical term or geographic name entry element | PLANNING AND COMPULSORY PURCHASE ACT 2004 |
| 650 ## - SUBJECT ADDED ENTRY--TOPICAL TERM | |
| Topical term or geographic name entry element | PLANNING DECISIONS |
| 650 ## - SUBJECT ADDED ENTRY--TOPICAL TERM | |
| Topical term or geographic name entry element | PPG3 |
| 650 ## - SUBJECT ADDED ENTRY--TOPICAL TERM | |
| Topical term or geographic name entry element | RPG9 |
| 650 ## - SUBJECT ADDED ENTRY--TOPICAL TERM | |
| Topical term or geographic name entry element | HOUSING |
| 650 ## - SUBJECT ADDED ENTRY--TOPICAL TERM | |
| Topical term or geographic name entry element | BARKER REVIEW OF HOUSING SUPPLY: SECURING OUR FUTURE HOUSING NEEDS |
| 690 ## - LOCAL SUBJECT ADDED ENTRY--TOPICAL TERM (OCLC, RLIN) | |
| Topical term or geographic name as entry element | PLANNING |
| 942 ## - ADDED ENTRY ELEMENTS (KOHA) | |
| Suppress in OPAC | 0 |
| Withdrawn status | Lost status | Source of classification or shelving scheme | Damaged status | Not for loan | Home library | Current library | Shelving location | Date acquired | Total Checkouts | Full call number | Barcode | Date last seen | Copy number | Price effective from | Koha item type |
|---|---|---|---|---|---|---|---|---|---|---|---|---|---|---|---|
| Dewey Decimal Classification | London | London | Journal article | 29/03/2005 | ABS68855 | 129190-1001 | 06/08/2019 | 1 | 06/08/2019 | Journal article |